[Event "IOM Open-Masters 2017"]
[Site "Douglas"]
[Date "2017.09.27"]
[Round "5"]
[White "Loew, Gerald"]
[Black "Mai, Aron Thor"]
[Result "1-0"]
[WhiteElo "2262"]
[BlackElo "2039"]
[Annotator "TA"]
[PlyCount "81"]
[EventDate "2017.??.??"]
[EventType "swiss"]
[EventCountry "GBR"]
[SourceTitle "playchess.com"]
[Source "ChessBase"]
[SourceQuality "1"]

{[%evp 16,81,14,4,18,17,42,16,35,12,15,23,12,0,8,0,0,0,0,-23,-8,-34,-31,-65,-20,-82,-58,-92,0,0,57,0,4,0,29,-26,0,0,0,0,0,0,95,71,571,586,561,554,610,628,727,713,985,900,1208,1181,1227,1149,1082,955,1097,1047,1218,1230,1226,970,1084,1048]} 1. c4 e5 2. Nc3 d6 3. g3 f5 4. Bg2 Nf6 5. e3 Be7 6. Nge2 O-O 7. O-O c6 8. d3 a5 {A21: English Opening: 1...e5 2 Nc3} (8... Na6 9. f4 exf4 10. gxf4 Nc7 11. e4 fxe4 12. dxe4 Be6 13. b3 d5 14. f5 Bf7 15. cxd5 cxd5 16. e5 Bc5+ {0-1 (37) Chatalbashev,B (2542)-Rombaldoni,D (2471) Innsbruck 2017}) 9. b3 {LiveBook: 3 Games} Na6 10. Bb2 Nc7 {The position is equal.} 11. d4 $146 ({Predecessor:} 11. a3 Ne6 12. d4 e4 13. d5 Nc5 14. dxc6 bxc6 15. Nd4 Qb6 16. Rb1 {0-1 (42) Leppert,H-Brodhuhn,R Germany 1995}) 11... Qe8 12. dxe5 dxe5 13. Na4 Nd7 14. Qc2 Na6 15. a3 Nac5 16. Nxc5 Bxc5 17. Bc3 Bd6 18. Qd2 Bc7 19. b4 Nf6 20. Bb2 (20. Qb2 $11) 20... Qh5 21. b5 Ne4 (21... Rd8 $17 22. Qc2 Be6) 22. Qc2 $11 Nc5 (22... Nf6 $11) 23. f4 ({Better is} 23. bxc6 $14 bxc6 24. Bxc6) 23... e4 24. Bd4 Ne6 25. Rab1 (25. c5 $142) 25... Bd6 26. c5 Be7 $1 27. bxc6 bxc6 28. Rb6 $36 {[%mdl 2048] White is more active.} Nd8 (28... Kh8 $11 {keeps the balance.}) 29. Rfb1 Ba6 $2 {[%mdl 8192] [#]} (29... Kh8 $16) 30. Rxa6 $1 $18 {[%mdl 512] White is clearly winning.} Rxa6 31. Qc4+ Kh8 32. Qxa6 Ne6 33. Qxc6 Nd8 34. Qb5 Nf7 35. Nc3 Nh6 36. h3 Qg6 37. Kf2 Qf7 38. Qb3 Qe8 39. Qe6 Nf7 40. a4 Nd8 41. Qe5 {Precision: White = 27%, Black = 30%.} 1-0

[Event "IOM Open-Masters 2017"]
[Site "Douglas"]
[Date "2017.09.27"]
[Round "5"]
[White "Mueller, Philipp"]
[Black "Zahn, Alina"]
[Result "1/2-1/2"]
[WhiteElo "2220"]
[BlackElo "2025"]
[Annotator "TA"]
[PlyCount "83"]
[EventDate "2017.??.??"]
[EventType "swiss"]
[EventCountry "GBR"]
[SourceTitle "playchess.com"]
[Source "ChessBase"]
[SourceQuality "1"]

{[%evp 14,83,24,20,46,28,58,54,75,75,72,67,74,35,19,18,53,58,47,46,52,46,49,46,51,8,20,15,17,-14,0,-8,-14,-10,0,0,0,-32,0,2,34,34,24,22,28,31,73,73,73,64,72,0,156,0,146,0,0,0,0,0,0,0,0,0,0,0,0,0,0,0,0,0]} 1. Nf3 d5 2. c4 e6 3. g3 Nf6 4. Bg2 Be7 5. O-O O-O 6. b3 c5 7. cxd5 Nxd5 8. Bb2 Bf6 {A14: English Opening: 1...e6 with b3 by White} (8... Nc6 9. d4 cxd4 10. Nxd4 Bd7 11. Na3 Rc8 12. Nc4 Nxd4 13. Qxd4 Bf6 14. Qxa7 Bxb2 15. Nxb2 Bb5 16. Nc4 Bxc4 17. bxc4 Rxc4 18. Qxb7 {½-½ (42) Nakamura,H (2792)-Dominguez Perez,L (2739) Saint Louis 2017}) 9. d4 Nc6 10. e4 {[%cal Be2e4,Be4e5][%mdl 32]} Nb6 {[%cal Rc5d4] White is slightly better.} 11. e5 Be7 12. dxc5 Bxc5 13. a3 $146 ({Predecessor:} 13. Nc3 Nb4 14. Ne4 Be7 15. Nd4 N4d5 16. Qe2 {½-½ (42) Pfleger,H (2485)-Malich,B (2415) Germany 1993}) 13... Qxd1 14. Rxd1 Nd5 15. b4 Bb6 16. Nc3 Nce7 17. Nxd5 Nxd5 18. Ne1 Rd8 19. Rd3 Bd7 20. Bxd5 exd5 21. Rxd5 Bc6 22. Rxd8+ Rxd8 23. Bc3 Rd5 24. a4 a6 25. Kf1 h6 26. Ke2 Bd4 27. Bxd4 Rxd4 $14 {[%mdl 4096] Endgame KRB-KRN} 28. Nd3 Be4 29. Ke3 Rxd3+ 30. Kxe4 {KR-KR} Rb3 31. b5 axb5 {[#]} 32. axb5 (32. a5 $1 $16) 32... Rxb5 $2 (32... g6 $11) 33. Ra8+ $16 Kh7 {[#]} 34. f4 (34. Rf8 $1 $16) 34... g6 $11 {The position is equal.} 35. Rc8 Kg7 36. Rc7 {Strongly threatening e6.} Rb2 37. g4 Rb4+ 38. Ke3 {e6 is the strong threat.} Rb3+ 39. Kd4 {And now e6 would win.} Rb4+ 40. Ke3 {aiming for e6.} Rb3+ 41. Kd4 {Hoping for e6.} Rb4+ 42. Ke3 {Precision: White = 58%, Black = 55%.} 1/2-1/2

[Event "IOM Open-Masters 2017"]
[Site "Douglas"]
[Date "2017.09.27"]
[Round "5"]
[White "Lorscheid, Gerhard"]
[Black "Acosta, Mariano"]
[Result "1-0"]
[WhiteElo "2192"]
[BlackElo "2000"]
[Annotator "TA"]
[PlyCount "59"]
[EventDate "2017.??.??"]
[EventType "swiss"]
[EventCountry "GBR"]
[SourceTitle "playchess.com"]
[Source "ChessBase"]
[SourceQuality "1"]

{[%evp 14,59,44,35,64,52,56,54,47,47,113,110,158,159,146,152,150,147,139,131,195,203,227,226,221,226,456,467,470,475,734,714,681,695,1182,1151,1081,1038,29988,29989,29989,1351,1288,1282,29994,29995,29995,29994]} 1. c4 c6 2. d4 d5 3. Nc3 Nf6 4. e3 g6 5. Nf3 Bg7 6. Be2 O-O 7. O-O Bg4 8. Qb3 {LiveBook: 35 Partien} Qc8 $146 {D94: Grünfeldindisch (Geschlossenes System)} ({Vorgänger:} 8... b6 9. cxd5 cxd5 10. h3 Bc8 11. Bd2 Nc6 12. Ne5 Bb7 13. Nxc6 Bxc6 14. Ba6 Qd7 15. Rac1 Bb7 16. Bb5 Qf5 17. Ne2 Rfc8 18. Bb4 {½-½ (90) Nakamura,H (2787)-Harikrishna,P (2763) chess.com INT 2016}) 9. cxd5 cxd5 10. Nxd5 Nxd5 {Weiß steht etwas besser.} 11. Qxd5 Nc6 ({Günstiger ist} 11... e5 $14) 12. Qb3 $16 e5 13. d5 Na5 14. Qb4 b6 15. h3 Bd7 16. Bd2 e4 (16... Nb7 $16 {war nötig.} 17. Rfc1 Qd8) 17. Ng5 $18 f5 18. Rac1 Qe8 19. Qa3 h6 $2 {[#]} (19... Qd8) 20. Ne6 Bxe6 21. dxe6 Nb7 (21... Be5 $142 22. e7 Rf7 23. Bxa5 bxa5) 22. Rc7 Nc5 23. Bc4 Kh8 24. Bc3 Rf6 25. Rd1 Rd8 26. Rxd8 Qxd8 27. Rxg7 (27. Qxa7 $142 Nxe6 28. Bxe6 Qd1+ 29. Kh2 Qd6+ 30. g3 Qf8 31. Rxg7 Qxg7 32. Bxf6) 27... Kxg7 28. Qxa7+ Kh8 29. Qf7 Qd1+ 30. Bf1 {Precision: Weiß = 88%, Schwarz = 26%.} 1-0

[Event "IOM Open-Masters 2017"]
[Site "Douglas"]
[Date "2017.09.27"]
[Round "5"]
[White "Maloberti, David"]
[Black "Woellermann, Jan"]
[Result "0-1"]
[WhiteElo "2132"]
[BlackElo "2384"]
[Annotator "TA"]
[PlyCount "54"]
[EventDate "2017.??.??"]
[EventType "swiss"]
[EventCountry "GBR"]
[SourceTitle "playchess.com"]
[Source "ChessBase"]
[SourceQuality "1"]

{[%evp 32,54,-54,-58,-56,-81,-76,-144,-127,-111,-131,-120,-129,-114,-115,-163,0,0,0,0,0,-94,-91,-721,-706]} 1. d4 Nf6 2. c4 e6 3. Nf3 b6 4. Bg5 Bb7 5. e3 Bb4+ 6. Nc3 h6 7. Bh4 g5 8. Bg3 Ne4 9. Qc2 f5 10. Bd3 Bxc3+ 11. bxc3 d6 12. d5 Na6 {E13: Queen's Indian/Nimzo-Indian hybrid: 4 Nc3 Bb7 5 Bg5 h6 6 Bh4 Bb4} 13. Nd4 Nac5 14. f3 (14. Nxe6 Nxe6 15. dxe6 Qf6 16. f3 Nxg3 17. hxg3 O-O 18. e7 Rf7 19. Kf2 Re8 20. Rh5 Rexe7 {0-1 (39) Ward,C (2441)-Howell,D (2702) Llandudno 2017}) 14... Nxd3+ 15. Qxd3 Nc5 16. Qc2 Qf6 17. dxe6 {LiveBook: 5 Games} f4 18. exf4 gxf4 19. Bxf4 ({Better is} 19. Bf2) 19... Qxf4 $17 20. Qg6+ Kd8 {And now ...Qg5 would win.} 21. O-O Qg5 22. Qf7 Qe7 {[#] aiming for ...Qxf7.} ({Avoid the trap} 22... Rg8 $2 {[#]} 23. e7+ $1 {[%mdl 512]} Kc8 24. e8=Q+ $18) 23. Qg6 $146 c6 $2 (23... Qh7 $19 24. Qh5 Rg8) 24. Rae1 $11 {Black must now prevent Nf5.} Kc7 {...Rag8 is the strong threat.} 25. Nf5 Qh7 26. Qg3 (26. Qf7+ $11 {keeps the balance.} Qxf7 27. exf7) 26... Rad8 $17 27. Ng7 $2 {[%mdl 8192]} (27. e7 $17 Qxf5 28. exd8=N Rxd8 29. Re7+ Rd7 30. Rd1) 27... Rdg8 0-1

[Event "IOM Open-Masters 2017"]
[Site "Douglas"]
[Date "2017.09.27"]
[Round "5"]
[White "Fischer, Daniel"]
[Black "Zwahr, Paul"]
[Result "1/2-1/2"]
[WhiteElo "2116"]
[BlackElo "2306"]
[Annotator "TA"]
[PlyCount "130"]
[EventDate "2017.??.??"]
[EventType "swiss"]
[EventCountry "GBR"]
[SourceTitle "playchess.com"]
[Source "ChessBase"]
[SourceQuality "1"]

{[%evp 28,130,17,17,20,-38,-31,-23,-33,-25,-34,-41,-8,-8,0,0,0,0,0,0,49,0,0,0,0,0,0,0,17,-23,30,30,30,30,30,30,27,18,32,0,0,0,0,0,0,0,0,0,0,0,0,0,0,0,0,0,0,0,0,0,5,8,33,0,0,0,0,0,0,0,0,0,0,0,0,0,0,0,0,0,0,0,0,0,0,0,0,0,0,0,0,0,0,0,0,0,0,0,0,0,0,0,0,0,0]} 1. e4 e5 2. Nf3 Nc6 3. Bc4 Bc5 4. O-O Nf6 5. d3 a6 6. c3 Ba7 7. Re1 d6 8. Bb3 O-O 9. h3 h6 10. Nbd2 Re8 {C54: Giuoco Piano: 4 c3 Nf6, main lines with 5 d4 and 5 d3} 11. Nf1 d5 (11... Be6 12. Be3 Bxe3 13. Nxe3 Qd7 14. Bxe6 Qxe6 15. c4 Ne7 16. Nd5 Nexd5 17. cxd5 Qd7 18. d4 c6 19. dxc6 Qxc6 {½-½ (71) Kramnik,V (2808)-So,W (2812) Stavanger 2017}) 12. exd5 Nxd5 13. Ng3 Be6 14. Nh5 Nf6 15. Nxf6+ {LiveBook: 5 Games} Qxf6 16. Qe2 $146 ({White should play} 16. Be3 $11) ({Predecessor:} 16. Bxe6 Rxe6 17. Qb3 Bb6 18. Be3 Ne7 19. d4 {0-1 (29) Tekeyev,Z (2357)-Dubov,D (2648) Sochi 2016}) 16... Bxb3 17. axb3 Rad8 18. Be3 Bxe3 19. Qxe3 Qd6 20. d4 {[%cal Rd4e5]} e4 21. Nd2 {[%cal Bf3d2,Bd2c4,Bc4e3,Be3g4][%mdl 32]} f5 22. Nc4 Qf6 23. Qf4 Rd7 24. Ne3 Rf8 25. g4 fxg4 26. Qxf6 Rxf6 27. Nxg4 Rg6 {Hoping for ...h5.} 28. Kh1 Rf7 (28... h5 $142 29. Nh2 Rf7) 29. d5 $11 h5 $1 {[%cal Rh5g4]} 30. dxc6 hxg4 31. cxb7 {[%mdl 4096] Endgame KRR-KRR} Rb6 32. Rxe4 (32. Re2 {is interesting.} gxh3 33. Rxa6 Rxb7 34. b4 Rb6 35. Ra8+) 32... Rxb7 33. hxg4 Rxf2 34. b4 Rb6 35. Rc4 Rh6+ 36. Kg1 Rhh2 37. Rxc7 Rfg2+ 38. Kf1 Rxb2 {[%cal Rh2h1] [#]} 39. Kg1 Rhg2+ 40. Kf1 Rbf2+ 41. Ke1 Rh2 42. Rc8+ (42. Rxa6 Rb2 43. Rc8+ Kh7 44. Rh6+ Rxh6 45. Rf8 Rhh2 46. Rf2 Rhxf2 47. g5 Rh2 48. g6+ Kxg6 49. Kf1 Rh1#) 42... Kf7 43. Rc7+ (43. Rxa6 Rb2 44. Ra7+ Kg6 45. Ra6+ Kh7 46. Rh6+ Rxh6 47. Rf8 Rhh2 48. Rf2 Rhxf2 49. g5 Rh2 50. g6+ Kxg6 51. Kf1 Rh1#) 43... Ke6 44. Rxa6+ Kd5 {[#] Strongly threatening ...Rb2.} 45. Rd7+ Kc4 {The position is equal.} 46. Rc6+ (46. Rxg7 {leads to mate.} Rb2 47. Rc7+ Kb3 48. Ra3+ Kxa3 49. Ra7+ Kb3 50. Ra3+ Kxa3 51. g5 Rh1#) 46... Kb3 {( -> ...Ra2)} 47. Rcd6 Re2+ 48. Kf1 $1 (48. Kd1 $2 {is a self mate.} Ra2 49. Rxg7 Rh1#) 48... Rc2 {[%cal Rh2h1]} 49. Kg1 Rhg2+ 50. Kh1 Rh2+ (50... Rge2 $5 51. Rd1 $8 Rh2+ 52. Kg1 Rcg2+ 53. Kf1 Rb2 $11) 51. Kg1 Rhg2+ 52. Kh1 Rge2 {[%cal Re2e1]} 53. Rd1 Rh2+ 54. Kg1 Rcg2+ 55. Kf1 Rf2+ 56. Kg1 Rhg2+ 57. Kh1 Kc2 58. R1d4 Rh2+ 59. Kg1 Rfg2+ 60. Kf1 Rf2+ 61. Kg1 g5 62. b5 Rfg2+ 63. Kf1 Rf2+ 64. Kg1 Rfg2+ 65. Kf1 Rf2+ {Precision: White = 58%, Black = 79%.} 1/2-1/2

[Event "IOM Open-Masters 2017"]
[Site "Douglas"]
[Date "2017.09.27"]
[Round "5"]
[White "Kruse, Janik"]
[Black "Dahl, Baard"]
[Result "0-1"]
[WhiteElo "2096"]
[BlackElo "1974"]
[Annotator "NA RC"]
[PlyCount "74"]
[EventDate "2017.??.??"]
[EventType "swiss"]
[EventCountry "GBR"]
[SourceTitle "playchess.com"]
[Source "ChessBase"]
[SourceQuality "1"]
[TimeControl "40/6000+30:20/3000+30:900+30"]

1. d4 Nf6 2. c4 g6 3. Nc3 d5 4. Nf3 Bg7 5. Qb3 dxc4 6. Qxc4 O-O 7. e4 a6 8. Be2 b5 9. Qb3 c5 10. dxc5 Be6 11. Qc2 Nbd7 12. O-O Nxc5 13. Rd1 Qc8 14. Ng5 b4 15. Nd5 Nxd5 16. Nxe6 Nxe6 17. Qxc8 Rfxc8 18. Rxd5 Rc2 19. Rd2 Rxd2 20. Bxd2 Bxb2 21. Rb1 Bc3 22. Bxc3 bxc3 23. Kf1 a5 24. Ke1 Nd4 25. Rc1 Rc8 26. Bd1 Rc4 27. f3 c2 28. Be2 Ra4 29. Kd2 e5 30. Bd3 Rxa2 31. Ke3 Kf8 32. f4 f6 33. fxe5 fxe5 34. Bc4 Rb2 35. Kd2 Rb1 36. Ba2 Rxc1 37. Kxc1 Ke7 0-1

[Event "IOM Open-Masters 2017"]
[Site "Douglas"]
[Date "2017.09.27"]
[Round "5"]
[White "Bianco, Valerio"]
[Black "Watson, John L"]
[Result "0-1"]
[WhiteElo "2086"]
[BlackElo "2247"]
[Annotator "TA"]
[PlyCount "84"]
[EventDate "2017.??.??"]
[EventType "swiss"]
[EventCountry "GBR"]
[SourceTitle "playchess.com"]
[Source "ChessBase"]
[SourceQuality "1"]

{[%evp 15,84,-3,49,-28,-17,-52,-43,-58,-65,-50,-53,-92,-87,-93,-47,-93,-97,-109,-81,-103,-44,-50,-41,-36,-39,-56,-58,-68,-10,-24,42,-70,-65,-68,-55,-89,0,0,0,0,7,-38,-61,-270,-263,-422,-419,-579,-566,-573,-418,-587,-430,-429,-431,-421,-312,-306,-297,-302,-296,-488,-468,-661,-673,-658,-649,-852,-842,-861,-769]} 1. e4 e6 2. d4 d5 3. Nd2 Be7 4. Bd3 c5 5. dxc5 Nf6 6. exd5 Qxd5 7. Ngf3 Nbd7 8. O-O {C03: French Tarrasch: Unusual Black 3rd moves} (8. b4 a5 9. Bc4 Qc6 10. c3 b6 11. O-O bxc5 12. b5 Qc7 13. Qe2 O-O 14. Bd3 a4 15. c4 Bb7 {½-½ (86) Potkin,V (2597)-Harika,D (2514) Almaty 2016}) 8... O-O {LiveBook: 5 Games} (8... Nxc5 $11 9. Bc4 Qh5) 9. Bc4 (9. b4 $14) 9... Qxc5 $11 10. a3 $146 {The position is equal.} ({Predecessor:} 10. Qe2 Nb6 11. Bd3 Nbd5 12. Ne4 Nxe4 13. Qxe4 Nf6 14. Qe2 b6 15. Be3 Qh5 16. Bf4 Bb7 17. Ne5 Qxe2 18. Bxe2 Rfd8 19. Rfd1 Rac8 {½-½ (19) Mortensen,J (2152)-Heim,S (2339) Saint Vincent 2005}) 10... b6 11. b4 Qc7 12. Bb2 Bb7 13. Bd3 a5 14. b5 h6 15. Nc4 Ng4 16. Ncd2 Bf6 17. Bxf6 Ndxf6 (17... Ngxf6 $17 18. a4 Rac8) 18. h3 $15 Ne5 19. Nxe5 $1 Qxe5 20. Re1 Qg5 {[%csl Gb7][%cal Rg5g2] [#]} 21. Nf3 Qf4 $40 {[%mdl 128] Black has some attack.} (21... Qc5 $15) 22. Ne5 $11 Qg5 (22... Rfd8 $11) 23. Nf3 (23. g3 $14) 23... Qc5 $15 24. Qe2 Rfd8 25. Qe3 Qe7 ({Black should try} 25... Qxe3 $17 26. Rxe3 Bxf3 27. Rxf3 Rac8) 26. Ne5 $11 Nd5 27. Qg3 Rac8 {[%cal Ba8c8,Bc8c5,Bc5g5][%mdl 32]} 28. Nc4 Rc5 29. Rab1 $2 (29. Re4 $15) 29... Nc3 $1 $19 {[%csl LRb1,LRb5]} 30. Rb3 $2 (30. Qf4 {keeps fighting.}) 30... Rg5 31. Rxc3 {[#] Threatens to win with Qf4.} Rxg3 32. fxg3 Qc5+ 33. Kh2 (33. Re3 $142) 33... Qd4 34. Rb3 Bd5 35. Rbb1 Bxc4 36. Re4 Qd6 ({Much less strong is} 36... Bxd3 37. Rxd4 Rxd4 38. Rd1 $17) 37. Rxc4 Qxa3 38. Rb3 $2 (38. Rc6 Rb8 39. Rf1) 38... Qa1 {Black is clearly winning.} 39. Rcc3 (39. Rc6 $142 Qe1 40. Rbc3) 39... a4 40. Ra3 Qb2 41. g4 g6 42. Kg3 Qb4 {Precision: White = 30%, Black = 46%.} 0-1

[Event "IOM Open-Masters 2017"]
[Site "Douglas"]
[Date "2017.09.27"]
[Round "5"]
[White "Burrows, Martin P"]
[Black "Arakhamia-Grant, Ketevan"]
[Result "0-1"]
[WhiteElo "2085"]
[BlackElo "2369"]
[Annotator "TA"]
[PlyCount "60"]
[EventDate "2017.??.??"]
[EventType "swiss"]
[EventCountry "GBR"]
[SourceTitle "playchess.com"]
[Source "ChessBase"]
[SourceQuality "1"]

{[%evp 19,60,51,82,8,-10,0,52,29,46,-14,90,96,45,23,75,61,66,60,148,18,66,7,0,-242,-225,-239,-106,-236,-218,-298,-304,-642,-636,-1123,-306,-300,-302,-350,-276,-504,-331,-5514,-5497]} 1. e4 g6 2. d4 Bg7 3. Nc3 d6 4. Be3 a6 5. Qd2 b5 6. h4 {B06: Modern Defence} (6. f3 Nf6 7. O-O-O Nbd7 8. Bh6 Bxh6 9. Qxh6 b4 10. Nce2 e5 11. dxe5 dxe5 12. Kb1 Qe7 13. Nc1 Qf8 14. Qh4 Qe7 15. Qh6 Qf8 16. Qe3 Qc5 17. Qh6 {½-½ (17) Grischuk,A (2737)-Dubov,D (2660) Doha 2016}) 6... h5 7. O-O-O Bb7 8. f3 Nd7 9. Nh3 Rc8 10. Ng5 c5 {LiveBook: 32 Games} 11. Kb1 (11. e5 $16 {And now e6 would win.} cxd4 12. e6 fxe6 13. Bxd4 (13. Nxe6 dxc3 14. Qe1 Qa5 $19)) 11... cxd4 $11 12. Bxd4 Ngf6 (12... Bxd4 $11 13. Qxd4 Ngf6) 13. Nd5 O-O $1 14. Be2 $146 (14. Ne3 $14) ({Predecessor:} 14. g4) 14... Bxd5 (14... Nxd5 $11 15. exd5 Bxd4 16. Qxd4 Rc5) 15. exd5 $16 Qc7 (15... Ne5 $16) 16. Rhe1 Ne5 (16... Nb6 $11) 17. f4 Nc4 18. Qc1 Rfe8 ({Better is} 18... Nb6 $14) 19. Bf3 (19. f5 $16 {aiming for fxg6.} gxf5 20. Bd3) 19... b4 $11 {[%cal Bb5b4,Bb4a3][%mdl 32]} 20. f5 ({White should try} 20. Re2 $1 $14) 20... gxf5 21. Qf4 $2 (21. Be2 $11 {and White is okay.}) 21... Na3+ $19 22. bxa3 Qxc2+ 23. Ka1 {[#] Strongly threatening Rd2.} bxa3 24. Qd2 Qa4 25. Qd3 $2 (25. Bxh5 Nxh5 26. Bxg7 Nxg7 27. Rb1) 25... Rc4 26. Bxh5 Nxh5 $2 (26... Rxd4 27. Bxf7+ Kh8 28. Qxd4 Ng4 29. Qxg7+ Kxg7 30. Ne6+ Kxf7) 27. Bxg7 (27. Qxf5 {[#] gets mated.} Rc1+ $1 {[%mdl 512]} 28. Rxc1 Qxd4+ 29. Rc3 Qxc3+ 30. Kb1 Rb8#) 27... Nxg7 28. h5 Rh4 29. g4 $2 (29. Nf3 Rxh5 30. Rc1) 29... Rxg4 30. Rg1 $2 (30. Nf3) 30... Qb4 {Precision: White = 16%, Black = 53%.} 0-1

[Event "IOM Open-Masters 2017"]
[Site "Douglas"]
[Date "2017.09.27"]
[Round "5"]
[White "Maroroa, Sue"]
[Black "Piasetski, Leon"]
[Result "1-0"]
[WhiteElo "2083"]
[BlackElo "2286"]
[Annotator "TA"]
[PlyCount "80"]
[EventDate "2017.??.??"]
[EventType "swiss"]
[EventCountry "GBR"]
[SourceTitle "playchess.com"]
[Source "ChessBase"]
[SourceQuality "1"]

{[%evp 15,80,48,39,34,45,38,41,44,43,47,47,0,12,-41,-14,-52,0,0,0,-132,-92,-95,-93,-87,-102,-82,39,35,20,0,31,0,129,87,102,84,81,49,204,60,64,58,79,0,0,-8,-12,-43,-58,-155,-153,-139,-148,-146,576,550,1638,1504,1283,1405,1294,1156,6492,6429,5639,5202,5175]} 1. e4 g6 2. d4 Bg7 3. Nc3 d6 4. Be3 c6 5. Qd2 b5 6. h4 h5 7. Nf3 {B06: Modern Defence} (7. f3 Nd7 8. Nh3 Nb6 9. Ng5 Nf6 10. a4 Nc4 11. Bxc4 bxc4 12. O-O-O Rb8 13. e5 Nd5 14. Nxd5 cxd5 15. exd6 exd6 16. Rde1 O-O {1-0 (61) Sethuraman,S (2640)-Bachmann,A (2593) Berlin 2015}) 7... Nd7 8. Ng5 Nb6 {LiveBook: 5 Games} 9. Bd3 {White is slightly better.} Nf6 10. e5 $146 ({Predecessor:} 10. f3 Nc4 11. Bxc4 bxc4 12. Qe2 d5 13. Bf4 Qb6 14. O-O-O a5 {½-½ (42) Grinfeld,A (2265)-Sirotkina,N (2245) St Petersburg 1996}) 10... Ng4 11. e6 $1 Bxe6 12. Nxe6 fxe6 13. Bxg6+ Kd7 14. Ne4 (14. Bd3 $11) 14... Nc4 15. Qe2 Ngxe3 (15... Ncxe3 $15 16. fxe3 Bh6) 16. fxe3 $11 Bh6 17. O-O-O (17. a4 $11) 17... Nxe3 (17... Bxe3+ 18. Kb1 $11) 18. Ng5 Bxg5 19. hxg5 Nxd1 20. Bf7 {[#]} Qf8 (20... e5 $1 $17 21. dxe5 Nxb2 $1 {[%mdl 512]} 22. Kxb2 Qf8) 21. Qxe6+ $14 Kc7 {And now ...Ne3! would win.} 22. Rxd1 Rd8 23. a4 b4 (23... bxa4 $11 {keeps the balance.} 24. Rd3 Qg7) 24. Re1 Qg7 25. g6 Qxd4 26. Qxe7+ Kb6 $2 {[#]} ({Black should play} 26... Rd7 $14 27. Qg5 c5) 27. Qe3 (27. g7 $1 $18 {[%mdl 512]} Rhg8 (27... Qxg7 28. a5+) 28. a5+ $1 {[%mdl 512]} (28. Bxg8 Rxg8 29. a5+ Ka6 $16) 28... Kxa5 29. Bxg8 Rxg8 30. Qc7+ Kb5 31. Qb7+ Ka5 32. Rd1 Rxg7 33. Qxc6 Qe3+ 34. Kb1) 27... Qxe3+ 28. Rxe3 {[%mdl 4096] Endgame [#] KRR-KRB} Rhg8 $1 {[%mdl 512]} 29. Re7 (29. Re4 $16) (29. Bxg8 Rxg8) 29... Rg7 $11 30. Kd2 d5 31. Re6 Kc5 32. Ke3 {[#]} (32. Re5 $15) 32... Rd6 $1 $17 {[%cal Rd6e6]} 33. Rxd6 Kxd6 {KR-KB} 34. Kf4 {[#]} b3 $2 {[%mdl 8192]} (34... Ke7 $1 $17 {and life is bright.} 35. Ke5 a5) 35. cxb3 $18 {White is clearly winning.} d4 36. Ke4 c5 {[#]} 37. b4 $1 {[%mdl 512]} cxb4 38. Kxd4 a5 39. b3 h4 40. Ke4 Ke7 {Precision: White = 39%, Black = 35%.} 1-0

[Event "IOM Open-Masters 2017"]
[Site "Douglas"]
[Date "2017.09.27"]
[Round "5"]
[White "Thilakarathne, G M H"]
[Black "Fenil, Shah"]
[Result "1-0"]
[WhiteElo "2053"]
[BlackElo "2362"]
[Annotator "TA"]
[PlyCount "113"]
[EventDate "2017.??.??"]
[EventType "swiss"]
[EventCountry "GBR"]
[SourceTitle "playchess.com"]
[Source "ChessBase"]
[SourceQuality "1"]

{[%evp 15,113,22,43,22,26,24,18,21,31,0,16,16,20,8,11,0,2,4,41,45,45,45,41,46,70,61,121,113,174,92,92,111,181,14,14,14,14,15,14,14,16,15,14,16,17,2,4,0,0,0,12,12,13,0,91,0,0,0,22,22,21,26,28,4,3,6,257,257,257,257,764,791,1622,652,1588,1582,1512,1491,1450,1440,1383,1338,1238,1192,1030,1014,5202,2451,29961,29957,5647,5622,6556,7507,6207,6534,6442,6420,5114,1501]} 1. e4 c5 2. Nf3 a6 3. c3 d5 4. exd5 Qxd5 5. Be2 Nf6 6. O-O Nc6 7. d4 e6 8. Be3 {B28: Sicilian: 2 Nf3 a6 (O'Kelly Variation)} cxd4 {LiveBook: 66 Games} 9. c4 (9. Nxd4 Nxd4 10. Bxd4 Bd7 11. Bf3 Qd6 12. Bxb7 Rb8 13. Bf3 Rxb2 14. Nd2 Qc7 15. Nb3 Bd6 16. Qc1 Ba3 17. Qg5 {0-1 (32) Sengupta,D (2589)-Sethuraman,S (2651) Thiruvarur 2015}) 9... Qd6 10. Nxd4 {White has an edge.} Be7 $146 ({Predecessor:} 10... Bd7 11. Nf3 Qb4 12. Qc2 Bc5 13. a3 Qb6 14. Bxc5 Qxc5 15. Nc3 O-O {1-0 (58) Preusse,G (1976)-Schulz,J (1931) GER email 2011}) 11. Nc3 Qc7 12. Rc1 O-O 13. Nxc6 bxc6 14. Qc2 c5 15. Bf3 Bb7 16. Qe2 Nd7 17. Bxb7 Qxb7 18. Rcd1 Rae8 19. b3 f5 20. f3 Bf6 ({Black should try} 20... Qc7 $14) 21. Na4 $16 Rc8 (21... Qc7 $16 {might work better.}) 22. Rd2 (22. Rd6 $18) 22... Rf7 23. Rfd1 Qc7 (23... Rc6 $16 {was worth a try.}) 24. Rxd7 $2 {[#]} (24. Bf2 $18) 24... Rxd7 $11 25. Rxd7 Qxd7 26. Nb6 Qc6 27. Nxc8 Qxc8 28. Qf2 Be7 29. Qd2 Qc6 30. Bf4 Bf6 31. Be3 Kf7 32. Kf1 Be7 33. Bf4 Bf6 34. Be3 e5 (34... Be7 $11 {remains equal.}) 35. Qa5 (35. Qd5+ $16 Qxd5 36. cxd5) 35... Be7 36. Qc3 Ke6 37. Ke2 g5 38. h3 {[%cal Bh2h3,Bh3g4][%mdl 32]} h5 39. Qd3 e4 40. fxe4 Qxe4 $2 {[%mdl 8192] [#]} (40... fxe4 $11 {and Black stays safe.} 41. Qd1 Kf7) 41. Qxe4+ $18 fxe4 $11 {[%mdl 4096] Endgame KB-KB} 42. g4 hxg4 $2 (42... h4 43. Bc1 Ke5) 43. hxg4 $18 Kd6 44. Bd2 (44. Bc1 $142 Ke5 45. Ke3) 44... Bd8 45. Ke3 Ke5 46. Bc3+ Ke6 47. Kxe4 Bc7 48. Bd2 Bd8 49. Be3 Be7 50. a3 {[%cal Ba2a3,Ba3a4][%mdl 32]} a5 51. a4 Bf6 52. Bxc5 Bd8 53. Be3 {White is clearly winning.} Bf6 54. Bd2 Bd8 55. c5 Be7 56. Bxa5 Bxc5 57. Bd8 {Precision: White = 52%, Black = 34%.} (57. Bd2 $142 Be7 58. b4) 1-0